000
002800000a22000970004500
100
1
_a
Gordon, Robert P.
245
1
0
_a
Targumic 'dy (Zechariah 14:6) and the not so common "cold"
300
_a
Vol. 39, Num. 1 (Enero, 1989), Páginas 77-81
773
0
_t
Vetus Testamentum
942
_c
ANA
999
_c
57470
_d
57470